ระบบห้องสมุดอัตโนมัติ ULibM
วิทยาลัยพยาบาลบรมราชชนนี พระพุทธบาท
เปลี่ยนเป็นภาษาไทย

Change to English
 แสดงรายละเอียดบรรณานุกรม
  กลับหน้าหลัก

Brief Record : Get Marc (ISO 2709) : E-mail record : QR code ปิดหน้าต่าง
E-books : เกี่ยวกับ Collections
LEADER 00000nam 2200000uu 4500
001    13399124014
003     ULIBM
008    210156s2554 th a 000 0 tha d
020    9789741113989
100    วิสุดา สุวิทยาวัฒน์ และคณะ
245    สารพันคำถามฮิตสรรพคุณสมุนไพร เล่ม 1
250    พิมพ์ครั้งที่ 1
260    กรุงเทพฯ :^bแสงเทียนการพิมพ์,^c2554
300    84 หน้า
650    สมุนไพร
700 0  พนิดา ใหญ่ธรรมสาร
700 0  อรัญญา ศรีบุศราคัม
700 0  กฤติยา ไชยนอก
700 0  กนกพร อะทะวงษา
700 0  พิชานันท์ ลีแก้ว
945    ^p150^l0^i019107
945    ^p150^l0^i019106
945    ^p150^l0^i019105
945    ^p150^l0^i019104
945    ^p150^l0^i019103
945    ^p150^l0^i019102
945    ^p150^l0^i019101
945    ^p150^l0^i019100
945    ^p150^l0^i019099
945    ^p150^l0^i019098
999    ^aน.ส.สุพรรษา เริงรื่น
รายการนี้ยังไม่มีแท็ก
คุณยังไม่ได้ล็อกอิน คุณสามารถมีกิจกรรมร่วมกับเว็บไซต์ได้ แต่ต้องล็อกอินก่อน ::
  ล็อกอิน
ลำดับที่ ประเภท เลขเรียก สถานที่ สถานะ
1.
QV766 ว671ส 2554 ล.1 
  
วิทยาลัยพยาบาลบรมราชชนนี พระพุทธบาท
►หนังสือทั่วไป
On Shelf
2.
QV766 ว671ส 2554 ล.1 ฉ.2 
  
วิทยาลัยพยาบาลบรมราชชนนี พระพุทธบาท
►หนังสือทั่วไป
On Shelf
3.
QV766 ว671ส 2554 ล.1 ฉ.3 
  
วิทยาลัยพยาบาลบรมราชชนนี พระพุทธบาท
►หนังสือทั่วไป
On Shelf
4.
QV766 ว671ส 2554 ล.1 ฉ.4 
  
วิทยาลัยพยาบาลบรมราชชนนี พระพุทธบาท
►หนังสือทั่วไป
On Shelf
5.
QV766 ว671ส 2554 ล.1 ฉ.5 
  
วิทยาลัยพยาบาลบรมราชชนนี พระพุทธบาท
►หนังสือทั่วไป
On Shelf
6.
QV766 ว671ส 2554 ล.1 ฉ.6 
  
วิทยาลัยพยาบาลบรมราชชนนี พระพุทธบาท
►หนังสือทั่วไป
On Shelf
7.
QV766 ว671ส 2554 ล.1 ฉ.7 
  
วิทยาลัยพยาบาลบรมราชชนนี พระพุทธบาท
►หนังสือทั่วไป
On Shelf
8.
QV766 ว671ส 2554 ล.1 ฉ.8 
  
วิทยาลัยพยาบาลบรมราชชนนี พระพุทธบาท
►หนังสือทั่วไป
On Shelf
9.
QV766 ว671ส 2554 ล.1 ฉ.9 
  
วิทยาลัยพยาบาลบรมราชชนนี พระพุทธบาท
►หนังสือทั่วไป
On Shelf
10.
QV766 ว671ส 2554 ล.1 ฉ.10 
  
วิทยาลัยพยาบาลบรมราชชนนี พระพุทธบาท
►หนังสือทั่วไป
On Shelf
   [แสดง 10/10 รายการ]

รายการใกล้เคียง
    หัวเรื่อง [สมุนไพร]

Bib 13399124014